Lanean...
Biodiversity and development in Western Ghats
| Egile nagusia: | |
|---|---|
| Formatua: | Printed Book |
| Argitaratua: |
Mohan Nair
2015
|
| Gaiak: |
| LEADER | 00588nam a2200193 4500 | ||
|---|---|---|---|
| 020 | |c Rs 150.00 | ||
| 082 | |a 577 MOH-B | ||
| 100 | |a Mohan Nair | ||
| 245 | |a Biodiversity and development in Western Ghats | ||
| 250 | |||
| 260 | |a Mohan Nair |c 2015 | ||
| 300 | |a PB+234 | ||
| 490 | |||
| 500 | |||
| 590 | |a Modern Book Centre |b MBC-2371/14 dtd 19/03/2014 |c Rs 150.00 | ||
| 650 | |a Ecology-- Biodiversity-- Conservation-- Ecosystems | ||
| 942 | |c BK | ||
| 999 | |c 99152 |d 99152 | ||
| 952 | |0 0 |1 0 |4 0 |6 577_000000000000000_MOHB |7 0 |9 112620 |a AQU |b AQU |g 0.00 |l 0 |o 577 MOH-B |p AQU05648 |r 2019-09-25 |w 2019-09-25 |y BK | ||